000 00342 a2200121 4500
001 ART_48868
005 20260410161757.0
008 260409a
245 1 0 _aAjuste por inflación impositivo
100 1 _aVolman, Mario
700 1 _aGarcía, Fernando D.
773 0 _tDoctrina tributaria
_g- N°470 (mayo 2019)
_wREV4296
999 _c20228
_d20228